PSG 22-23 SQUAD QUIZ - Statistics

General Stats
  • This quiz has been taken 1,242 times
  • The average score is 12 of 15
Answer Stats
Country | position Player Name % Correct
France | ST Kylian Mbappe
98%
Argentina RW Lionel Messi
98%
Brazil | LW Neymar
98%
Morocco | RB Achraf Hakimi
96%
Italy | GK Gianluigi Donnarumma
94%
Costa Rico | GK Keylor Navas
93%
Spain | CB Sergio Ramos
92%
Italy | MF Marco Verratti
90%
Brazil | CB (C) Marquinhos
90%
Portugal | LB Nuno Mendes
82%
France | CB Presnel Kimpembe
78%
Argentina | ST Mauro Icardi
68%
Germany | CAM Julian Draxler
67%
Senegal | MF Idrissa Gueye
63%
Portugal | MF Renato Sanches
29%
No matching quizzes found
Score Distribution
Percent of People with Each Score
Percentile by Number Answered
Your Score History
You have not taken this quiz